000
00295nam a22001337a 4500
008
181009b xxu||||| |||| 00| 0 eng d
020
_a
9780691125961
041
_a
eng
080
_a
370
100
_a
47
101
_a
EDU
245
_a
Our Underachieving College
_c
Bok.D
942
_2
udc
_c
BK
999
_c
49227
_d
49227